000 01109nam a2200313 c 4500
003 BLK
005 20241207114446.0
008 180408b bul|||||r ||||||| ||bul||
010 _aKNG00066624000
020 _a954-9415-16-3
_bиздат.: Водолей
040 _aBLK
041 _aBUL
_cBUL
080 _aБългарска литература
_b821.163.2
_x-311.6
_z821.163.2-311.6
100 1 _aХристозов, Петър
_eпърви автор
_9251078
139 _aХристозов, Петър
_bХ 82
245 1 0 _aДа убиеш себе си
_bПолит. роман
_cПетър Христозов.
257 _aBGR
260 София
_bВодолей
_c2006
300 _a221 с.
_c20 см
380 _aX
500 _aПетър Христозов - псевд. на Христо Вълчев. - Офс. изд.
653 _aполитически романи
852 _aЦб 228228
856 4 _qpdf
_u
856 4 _qpdf
_u
942 _cKNG
_n0
_08
944 _aCR
_c22.06.2006
_k30545
_lНора Радева
944 _aED
_c11.06.2014
_k
999 _c62400
_d62400